• 首页
  • 本馆介绍
  • 公告通知
  • 最新文献
  • 馆藏检索
  • 电子资源
  • 读者导购
  • 参考咨询
  • 我的图书馆
  • 登录
  • 详细信息显示
  • 放入我的书架
  • 预约/预借图书
  • 作者相关作品
  • 分类相关作品
  • 丛书相关作品
  • 出版社相关作品

书目信息

  • 表格格式
  • 工作单格式
  • 卡片格式
题名:
新闻记者培训教材
    
 
作者: 柳斌杰 主编
分册: 上  
出版信息: 北京   人民出版社  2013
页数: 352页
开本: 24cm
丛书名:
单 册:
中图分类: G214.2
科图分类:
主题词: 新闻工作--记者--岗位培训--教材
电子资源:
ISBN: 978-7-01-012221-2
000 00730nam0 2200229 450
001 337825
005 20150529084437.29
010    @a978-7-01-012221-2@dCNY49.50
100    @a20131016d2013 em y0chiy50 ea
101 0  @achi
102    @aCN@b110000
105    @ay z 000yy
106    @ar
200 1  @a新闻记者培训教材@Axin wen ji zhe pei xun jiao cai@e2013@h上@f柳斌杰主编
210    @a北京@c人民出版社@d2013
215    @a352页@d24cm
330    @a本书内容包括: 培训课程、学习参考资料 (新闻采编法规及相关规定) 、新闻单位采编管理规范、练习题。
606 0  @a新闻工作@x记者@x岗位培训@j教材
690    @aG214.2@v5
701  0 @a柳斌杰@Aliu bin jie@f(1948.9)@4主编
801  0 @aCN@b卓展宏图@c20150525
905    @dG214.2@e612:1@f5
    
    新闻记者培训教材:2013.上/柳斌杰主编.-北京:人民出版社,2013
    352页;24cm
    
    
    ISBN 978-7-01-012221-2:CNY49.50
    本书内容包括: 培训课程、学习参考资料 (新闻采编法规及相关规定) 、新闻单位采编管理规范、练习题。
●
相关链接 在E读中查询图书 在五车中查询图书 在当当中查询图书 在豆瓣中查询图书


正题名:新闻记者培训教材     索取号:G214.2/612:1         预约/预借

序号 登录号 条形码 馆藏地/架位号 状态 备注
1 856317   208563179   第一样本阅览室/ [索取号:G214.2/612:1] 在馆    
2 856318   208563188   密集书库-文学院/ [索取号:G214.2/612:1] 在馆    
3 856319   208563197   第四借阅区/ [索取号:G214.2/612:1] 在馆    
4 856320   208563204   密集书库-文学院/ [索取号:G214.2/612:1] 在馆    
5 856321   208563213   第四借阅区/ [索取号:G214.2/612:1] 在馆    
唐山师范学院图书馆 欢迎您!
大连网信软件有限公司© 版权所有